000 02377cam a2200325 a 4500
001 16659148
003 OSt
005 20150408114152.0
008 110218s2011 inua 001 0 eng
010 _a 2011005433
020 _a9780470633748 (pbk.)
020 _a0470633743 (pbk.)
040 _aDLC
_cDLC
042 _apcc
050 0 0 _aHF5415.1265
_b.B295 2011
082 0 0 _a658.8/72
_222
_bBMI
100 1 _aBailey, Matt,
_d1969-
_939909
245 1 0 _aInternet marketing :
_ban hour a day /
_cMatt Bailey.
250 _a1st ed.
260 _aIndianapolis, Ind. :
_bWiley Technology Publishing,
_c2011.
300 _axxxi, 567 p. :
_bill. ;
_c24 cm.
500 _aIncludes index.
520 _a"Proven, task-based approach to developing winning internet marketing campaigns If you've been seeking a practical, day-by-day, do-it-yourself plan for success in your Internet marketing, this is the book for you. The latest in the very popular Hour a Day series, this book gives you step-by-step instruction and clear action plans for all crucial aspects of successful internet marketing: SEO, website optimization, integration of social media and blogs, and pay-per-click strategies. Above all, it shows you how to use analytics effectively, so you can track and understand your results, then course-correct as you need. Provides step-by-step instruction to help you design, implement, and measure an internet marketing strategy Uses the empowering and winning approach that has made the books in the Hour a Day series top sellers Breaks down intimidating topics into approachable, hour-a-day tasks Covers key topics in step-by-step detail, including SEO, website optimization and usability, analytics, blog integration, social media, and pay-per-click strategies Offers expert guidance from an experienced and well-known internet marketer, Matt Bailey Drive targeted traffic to your site, keep them there, and convert them into happy customers with this refreshingly practical, roll-up-your-sleeves guide!"--
650 0 _aInternet marketing.
650 0 _aMarketing.
856 4 2 _3Cover image
_uhttp://catalogimages.wiley.com/images/db/jimages/9780470633748.jpg
906 _a7
_bcbc
_corignew
_d1
_eecip
_f20
_gy-gencatlg
942 _2ddc
_cDVD
999 _c32117
_d266617